Statistiken für Usbekistan-Quiz

Klicken Sie hier um das Quiz zu spielen!

Allgemein

  • Dieses Quiz wurde 2.069 mal gespielt
  • Das Durchschnittsergebnis liegt bei 8 aus 17

Antwortstatistiken

FrageAntwort% Korrekt
"De-facto" zweite AmtsspracheRussisch
91%
HauptreligionIslam
88%
Bis 1991 gehörte Usbekistan zu diesem LandSowjetunion
87%
AmtsspracheUsbekisch
81%
Region, zu der Usbekistan gehört{Zentral}asien
72%
Hauptstadt von UsbekistanTaschkent
69%
Wichtige Handelsroute, die bis zum 18. Jahrhhundert durch Usbekistan ging{Seiden}strasse
67%
Einst der viertgrößte Binnensee der Welt, heute zum Großteil ausgetrocknet{Aral}see
61%
Usbekistan und Liechtenstein sind weltweit die einzigen ...{Doppelten} Binnenstaaten
46%
Eroberer des Gebiets um Usbekistan im Jahr 327 v. Chr.Alexander der Grosse
38%
Ethnie, die u.a. Usbeken, Kasachen, und Uiguren vereint{Turk}völker
38%
Erstes Großreich, von dem Usbekistan ein Teil warAchämenidenreich
29%
Kulturpflanze und Hauptanbauprodukt von UsbekistanBaumwolle
26%
Zweitgrößte StadtSamarkand
20%
Währung von UsbekistanSom
15%
1336 geborener Militärführer, dessen Eroberungen ca. 5% der Weltbevölkerung tötetenTimur
14%
Usbekistan ist Teil dieser historischen Region, von der der Name eines zweihöckrigen Kamels stammtBaktrien
9%

Verteilung der Resultate

Perzentil nach korrekt beantworteten Fragen

Anzahl Personen mit jedem Resultat

Ihre Resultats-Entwicklung

Sie haben dieses Quiz noch nicht gespielt